000 00717nam a2200265Ia 4500
008 200601s9999 xx 000 0 und d
020 _a978-1-78472-429-0
050 _aREF TX 415
050 _b.H64 2018
100 _aHoffmann, James.
245 4 _aThe World atlas of coffee :
245 0 _bfrom beans to brewing - coffees explored, explained and enjoyed /
245 0 _cJames Hoffmann.
250 _a2nd Edition
260 _aGreat Britain :
260 _bMitchell Beazley,
260 _c2018
300 _a272 pages :
300 _bcolor illustrations ;
300 _c26 cm.
500 _aIncludes index.
650 _aCoffee.
650 _aCookery (Coffee).
650 _xCoffee -- History.
999 _c363228
_d363228